Informe y diagnóstico de Guatemala sobre abstencionismo y participación /

Enregistré dans:
Détails bibliographiques
Collectivités auteurs: Instituto Interamericano de Derechos Humanos, Centro de asesoría y promoción electoral
Format: Texte
Publié: San José: ITDH
Sujets:
Tags: Ajouter un tag
Pas de tags, Soyez le premier à ajouter un tag!

MARC

LEADER 00000 a a2200000 04500
001 34019
003
040
090 |a 206002  
110 |a Instituto Interamericano de Derechos Humanos.  
245 |a Informe y diagnóstico de Guatemala sobre abstencionismo y participación /  |c Instituto Interamericano de Derechos Humanos.  
260 |a San José:   |b ITDH  
300 |a 17 p.  
650 |a ABSTENCIONISMO ELECTORAL  
650 |a PARTICIPACION POLITICA  
650 |a GUATEMALA  
710 |a Centro de asesoría y promoción electoral  
999 |c 14162  |d 14162